1364 1257 1402 1888 1229 1777 1277 1387 1682 1021 1019 1678 1233 1753 1570 1882 1425 1112 1293 1412 1057 1938 1131 1594 1452 1340 1162 1478 1553 1402 1441 1057 1423 1692 1169 1239 1293 1562 1502 1239 1772 1424 1598 1331 1132 1273 1017 1438 1501 1157 1235 1898 1575 1954 1616 1029 1772 1322 1355 1520 1386 1060 1125 1845 1630 1297 1400 1393 1655 1050 1540 1659 1533 1682 1634 1376 1997 1424 1935 1748 1271 1429 1238 1646 1169 1164 1776 1022 1804 1197 1907 1458 1008 1024 1151 1507 1816 1094 1759 BCNSPRNW ULIB Ver.6.0+V

เปลี่ยนเป็นภาษาไทย

Change to English
 แสดงรายละเอียดบรรณานุกรม
  กลับหน้าหลัก

Brief Record : Get Marc (ISO 2709) : E-mail record : QR code < ปิดหน้าต่าง
LEADER : 00000nam 2200000uu 4500
001    13399114986
003     ULIB
008    120627s2548||||th 000 0 tha d
020    ^a9744655453
060 04 ^aWY130^bอ823ก 2548
100 0  ^aอุทัยวรรณ สุกิมานิล
245 10 ^aการบริการปฐมภูมิ =^bPrimary care /^cอุทัยวรรณ สุกิมานิล
246 31 ^aPrimary care
250    ^aพิมพ์ครั้งที่ 1
260    ^aกรุงเทพฯ :^bโครงการสวัสดิการวิชาการ สถาบันพระบรมราชชนกกระทรวงสาธารณสุข,^c2548
300    ^aก-ฎ, 263 หน้า :^bภาพประกอบ ;^c26 ซม.
504    ^aบรรณานุกรมและดัชนี
650  7 ^aสาธารณสุขเบื้องต้น, การบริการ
650  7 ^aสาธารณสุขมูลฐาน
710 2  ^aสถาบันพระบรมราชชนก. ^bโครงการสวัสดิการวิชาการ
945    ^p295^l0^i24187
995    ^a กัณชพร
999    ^aใช้งานได้ทุกระบบ
รายการนี้ยังไม่มีแท็ก
คุณยังไม่ได้ล็อกอิน คุณสามารถมีกิจกรรมร่วมกับเว็บไซต์ได้ แต่ต้องล็อกอินก่อน ::
  ล็อกอิน

รายการสื่อสารสนเทศ

ลำดับที่ ประเภท เลขเรียก/บาร์โค้ด สถานที่ สถานะ
- ไม่พบข้อมูล -

รายการใกล้เคียง
    ผู้แต่ง [อุทัยวรรณ สุกิมานิล]

    หัวเรื่อง [สาธารณสุขมูลฐาน]

BibComment


ยังไม่เคยถูกคอมเมนท์

คอมเมนท์ทรัพยากรรายการนี้
  คอมเมนท์: การบริการปฐมภูมิ..


 Copyright 2026. Bcnsprnw @Library